| 000 | 00546cam a2200169 a 4500 | ||
|---|---|---|---|
| 020 | _a0784402019 | ||
| 082 | 0 | 0 |
_a627.45 _bUNI _cL-NUST, P-19 |
| 245 | 0 | 0 |
_aChannel stability assessment for flood control projects / _cUS Army Corps of Engineers. |
| 260 |
_aNew York : _bASCE Press, _cc1997. |
||
| 300 |
_ax, 108 p. : _bill., maps ; _c28 cm. |
||
| 526 |
_a0 _b0 _c0 _d627_450000000000000_UNI |
||
| 650 | 0 |
_aFlood control channels. _946598 |
|
| 650 | 0 |
_aNUST _96342 |
|
| 650 | 0 |
_aStability. _910602 |
|
| 710 | 1 |
_aUnited States. _921185 |
|
| 942 |
_2ddc _cBK |
||
| 999 |
_c549899 _d549899 |
||